Journal of International Marketing
محفوظ في:
التنسيق: دورية
اللغة: Undetermined
منشور في:
JSTOR
Sage Publications, Inc.
الموضوعات:
الوصول للمادة أونلاين: Login to view Source
الوسوم: إضافة وسم
لا توجد وسوم, كن أول من يضع وسما على هذه التسجيلة!
رقم الطلب:
| LEADER | 00563nas a2200181Ia 4500 | ||
|---|---|---|---|
| 008 | 220214c99999999xx |||||||||||| ||und|| | ||
| 022 | |a 1069-031X | ||
| 022 | |a 1547-7215 | ||
| 245 | 0 | 0 | |a Journal of International Marketing |
| 264 | 1 | |b JSTOR | |
| 264 | 1 | |b Sage Publications, Inc. | |
| 362 | 0 | |a Vol. 1(1993)-25 (2017) | |
| 653 | 1 | 0 | |a Business & Economics |
| 653 | 1 | 0 | |a Marketing & Advertising |
| 856 | 4 | 0 | |u https://www.jstor.org/journal/jintermarket |
| 942 | |c JL | ||
| 952 | |0 0 |1 0 |4 0 |7 1 |9 35685 |a JSR |b JSR |d 2022-02-14 |l 0 |r 2022-02-14 00:00:00 |w 2022-02-14 |y JL | ||
| 999 | |c 44018 |d 44018 | ||
